000 00293nam a22001337a 4500
008 181008b xxu||||| |||| 00| 0 eng d
020 _a9781590473337
041 _aeng
080 _a004
100 _a28
101 _aSHKI
245 _aThe Little SAS Book
_cDelwiche, L.D
942 _2udc
_cBK
999 _c49070
_d49070